000 00614nam a2200157 a 4500
008 120416s0000 ||||||||||||||||| || u
020 _a0576151688
050 _aNA 7328 Lai
100 _aLaing, D
245 1 0 _aHints for dwellings
246 _aconsisting of original designs for cottages, farm-house, villas, & plain and ornamental with plans t
260 _aFarnborough, Hants
_bGregg International
_c1972
300 _a104p. : ill.
350 _a0.00
995 _D0.00
_FCBU-MAIN LIBRARY (Kitwe)
_H1
_I3.50
_M1
_UAVAILABLE
_ZAnnex Low-Usage Collection
999 _c45560
_d45560